Three free sins : (Record no. 4814)
[ view plain ]
| 000 -LEADER | |
|---|---|
| fixed length control field | 01640cam a2200361 a 4500 |
| 001 - CONTROL NUMBER | |
| control field | 16808269 |
| 003 - CONTROL NUMBER IDENTIFIER | |
| control field | GBCCL |
| 005 - DATE AND TIME OF LATEST TRANSACTION | |
| control field | 20241126110527.0 |
| 008 - FIXED-LENGTH DATA ELEMENTS--GENERAL INFORMATION | |
| fixed length control field | 110603s2012 nyu b 000 0 eng |
| 010 ## - | |
| -- | 2011023306 |
| 020 ## - INTERNATIONAL STANDARD BOOK NUMBER | |
| International Standard Book Number | 9781451612264 (pbk.) |
| 020 ## - INTERNATIONAL STANDARD BOOK NUMBER | |
| International Standard Book Number | 9781451612301 (ebk.) |
| 035 ## - SYSTEM CONTROL NUMBER | |
| System control number | (OCoLC)ocn731009589 |
| 040 ## - CATALOGING SOURCE | |
| Original cataloging agency | DLC |
| Transcribing agency | DLC |
| Modifying agency | IG# |
| -- | YDXCP |
| -- | BWX |
| -- | BDX |
| -- | DLC |
| 050 00 - | |
| -- | BT761.3 |
| -- | .B76 2012 |
| 082 00 - DEWEY DECIMAL CLASSIFICATION NUMBER | |
| Classification number | 234 |
| Edition information | 23 |
| Item number | BRO |
| 100 1# - MAIN ENTRY--PERSONAL NAME | |
| Personal name | Brown, Stephen W. |
| 9 (RLIN) | 7842 |
| 245 10 - TITLE STATEMENT | |
| Title | Three free sins : |
| Remainder of title | God's not mad at you / |
| Statement of responsibility, etc. | Steve Brown. |
| 246 3# - | |
| -- | 3 free sins |
| 246 30 - | |
| -- | God's not mad at you |
| 246 3# - | |
| -- | God is not mad at you |
| 250 ## - EDITION STATEMENT | |
| Edition statement | 1st Howard Books trade pbk. ed. |
| 260 ## - PUBLICATION, DISTRIBUTION, ETC. | |
| Place of publication, distribution, etc. | New York : |
| Name of publisher, distributor, etc. | Howard Books, |
| Date of publication, distribution, etc. | 2012. |
| 300 ## - PHYSICAL DESCRIPTION | |
| Extent | xiv, 239 p. ; |
| Dimensions | 22 cm. |
| 500 ## - GENERAL NOTE | |
| General note | "The reason we're so bad is that we're trying so hard to be good"--Cover. |
| 504 ## - BIBLIOGRAPHY, ETC. NOTE | |
| Bibliography, etc. note | Includes bibliographical references. |
| 505 0# - FORMATTED CONTENTS NOTE | |
| Formatted contents note | The impossible task of flying frogs -- How's it working for you so far? -- Repent! The end is near! -- Why can't we all just get along? -- Ain't gonna study war no more! -- The wuss factor -- When getting better doesn't matter -- The devil made me do it! -- A party down at the church -- Just don't let them! -- Are you crazy? |
| 650 #0 - SUBJECT ADDED ENTRY--TOPICAL TERM | |
| Topical term or geographic name entry element | Grace (Theology) |
| 9 (RLIN) | 2990 |
| 650 #0 - SUBJECT ADDED ENTRY--TOPICAL TERM | |
| Topical term or geographic name entry element | Sin |
| General subdivision | Christianity. |
| 9 (RLIN) | 217 |
| 906 ## - LOCAL DATA ELEMENT F, LDF (RLIN) | |
| a | 7 |
| b | cbc |
| c | orignew |
| d | 1 |
| e | ecip |
| f | 20 |
| g | y-gencatlg |
| 942 ## - ADDED ENTRY ELEMENTS (KOHA) | |
| Source of classification or shelving scheme | Dewey Decimal Classification |
| Koha item type | Books |
| Koha issues (borrowed), all copies | 4 |
| Withdrawn status | Lost status | Source of classification or shelving scheme | Damaged status | Not for loan | Home library | Current Library | Shelving location | Date acquired | Total checkouts | Full call number | Barcode | Date last seen | Date last checked out | Copy number | Price effective from | Koha item type |
|---|---|---|---|---|---|---|---|---|---|---|---|---|---|---|---|---|
| Dewey Decimal Classification | GRACE BIBLE COLLEGE | GRACE BIBLE COLLEGE | Theology | 2018-02-08 | 4 | 234 BRO | 014584 | 2025-05-01 | 2022-10-07 | c.1 | 2018-02-08 | Books |